000 01057cam a22003137a 4500
003 CHAP
005 20220329135957.0
008 971013s1987 r 00010 d
010 _a45006
011 _a45978
035 _a50118
040 _cCHAP
082 _a635.2185
_bU5
110 _aUniversidad Nacional Agraria La Molina. Perú. Programa de Investigaciones y Proyección Social en Papa
_9116483
245 1 3 _aEl cultivo de papa con énfasis en producción de semillas
260 _aLima :
_bLa Universidad,
_c1987
300 _a328 p.
_b: ilus. ; gráfs.
590 _aBATCH-UPD
_b10
_c20130110
_lUCH01
_h1326
590 _aBATCH-UPD
_b10
_c20130410
_lUCH01
_h0833
590 _aBATCH-UPD
_b10
_c20130914
_lUCH01
_h1858
590 _aCONVERSION
_b10
_c20130109
_lUCH01
_h1325
650 1 4 _aPapa
_xMejoramiento.
_985259
650 1 4 _aPapa
_xPerú.
_985269
650 1 4 _aPapa
_xPropagación.
_985279
650 1 4 _aPapa
_xSemilla.
_985288
901 _aBK
942 _cLIBRO
949 _a635.2185 U5
_bBC
_cLIBRO
_d33724000628194
_eLIBRO
_h72969
_i50118
_mD
_si
999 _c45006
_d45006